Statistics for Melbourne Storm Players 1998-2022

Click here to take the quiz!

General Stats

  • This quiz has been taken 20 times
    (4 since last reset)
  • The average score is 61 of 224

Answer Stats

Answer% Correct
Adam Blair
100%
Billy Slater
100%
Brandon Smith
100%
Cameron Smith
100%
Cheyse Blair
100%
Jesse Bromwich
100%
Kenny Bromwich
100%
Reimis Smith
100%
Brett Kimmorley
75%
Cameron Munster
75%
Cooper Cronk
75%
Craig Smith
75%
Dale Finucane
75%
Dallas Johnson
75%
Felise Kaufusi
75%
Gareth Widdop
75%
Greg Inglis
75%
Harry Grant
75%
Jahrome Hughes
75%
Jeremy Smith
75%
Josh Addo-Carr
75%
Justin Olam
75%
Marcus Bai
75%
Matt Orford
75%
Maurice Blair
75%
Nelson Asofa-Solomona
75%
Nick Meaney
75%
Patrick Kaufusi
75%
Ryan Hoffman
75%
Ryan Papenhuyzen
75%
Stephen Kearney
75%
Steve Turner
75%
Suliasi Vunivalu
75%
Tristan Brady-Smith
75%
Will Chambers
75%
Aaron Moule
50%
Aiden Tolman
50%
Alec MacDonald
50%
Antonio Kaufusi
50%
Beau Champion
50%
Blake Green
50%
Brenko Lee
50%
Brett Finch
50%
Brett White
50%
Brodie Croft
50%
Christian Welch
50%
Cooper Johns
50%
Glenn Lazarus
50%
Glen Turner
50%
Israel Folau
50%
James Maloney
50%
Jamie McDonald
50%
Jordan Grant
50%
Jordan MacLean
50%
Josh King
50%
Mahe Fonua
50%
Marika Koroibete
50%
Marion Seve
50%
Marty Turner
50%
Matt Duffie
50%
Matt Geyer
50%
Matt King
50%
Max King
50%
Michael Crocker
50%
Paul Bell
50%
Robbie Kearns
50%
Robbie Ross
50%
Rodney Howe
50%
Russell Bawden
50%
Ryan Tandy
50%
Sam Kasiano
50%
Scott Hill
50%
Steven Bell
50%
Tim Glasby
50%
Tino Fa'asuamaleaui
50%
Tohu Harris
50%
Xavier Coates
50%
Albert Vete
25%
Anthony Quinn
25%
Ben Anderson
25%
Ben Cross
25%
Ben Hampton
25%
Ben Roberts
25%
Brett Anderson
25%
Bryan Norrie
25%
Chris Lewis
25%
Chris Walker
25%
Clint Newton
25%
Curtis Scott
25%
Dane Nielsen
25%
Danny Williams
25%
Darryn Schonig
25%
Dean Ieremia
25%
Dennis Scott
25%
Dustin Cooper
25%
George Jennings
25%
Grant Anderson
25%
Henry Perenara
25%
Jake Webster
25%
Jeff Lima
25%
Kevin Proctor
25%
Kirk Reynoldson
25%
Matthew White
25%
Matt Rua
25%
Nate Myles
25%
Nathan Friend
25%
Nicho Hynes
25%
Paul Marquet
25%
Richard Swain
25%
Robbie Rochow
25%
Ryan Hinchcliffe
25%
Ryley Jacks
25%
Scott Anderson
25%
Scott Drinkwater
25%
Shane Walker
25%
Sika Manu
25%
Siosaia Vave
25%
Sisa Waqa
25%
Slade Griffin
25%
Tawera Nikau
25%
Trent Loiero
25%
Tyran Wishart
25%
Wayne Evans
25%
Aaron Booth
0%
Aaron Pene
0%
Adam Woolnough
0%
Alex Chan
0%
Andrew McFadden
0%
Anthony Bonus
0%
Aseri Laing
0%
Atelea Vea
0%
Ben MacDougall
0%
Ben Roarty
0%
Billy Walters
0%
Brad Watts
0%
Brenton Pomery
0%
Brett O'Farrell
0%
Brook Martin
0%
Chase Stanley
0%
Chris Essex
0%
Clifford Manua
0%
Dane Chisholm
0%
Dane Morgan
0%
Daniel Atkinson
0%
Daniel Frame
0%
David Kidwell
0%
David Nofoluma
0%
Dayne Weston
0%
Dean Britt
0%
Fifita Moala
0%
Garret Crossman
0%
George Rose
0%
Hep Cahill
0%
Hymel Hunt
0%
Ian Donnelly
0%
Ian Sibbit
0%
Isaac Lumelume
0%
Jack Afamasaga
0%
Jaiman Lowe
0%
James Aubusson
0%
Jamie Feeney
0%
Jason Ryles
0%
Jayden Nikorima
0%
Joel Romelo
0%
Joe Stimson
0%
Joe Tomane
0%
John Carlaw
0%
John Lomax
0%
John Wilshere
0%
Josh Graham
0%
Junior Langi
0%
Junior Moors
0%
Junior Sa'u
0%
Justin O'Neill
0%
Keith Mason
0%
Kevin Carmichael
0%
Kurt Mann
0%
Lagi Setu
0%
Liam Foran
0%
Luke Kelly
0%
Luke MacDougall
0%
Mark Nicholls
0%
Matthew Bartlett
0%
Matthew Cross
0%
Michael Greenfield
0%
Michael Russo
0%
Mitchell Sargent
0%
Mitch Garbutt
0%
Nathan Sologinkin
0%
Paul Momirovski
0%
Paul Sheedy
0%
Paul Whatuira
0%
Peter Robinson
0%
Richard Fa'aoso
0%
Richard Kennar
0%
Ricky Leutele
0%
Robert Tanielu
0%
Rory Kostjasyn
0%
Russell Aitken
0%
Ryan Morgan
0%
Ryan Shortland
0%
Sam Joe
0%
Sam Tagataese
0%
Sandor Earl
0%
Semi Tadulala
0%
Sinbad Kali
0%
Sione Kite
0%
Smith Samau
0%
Tasesa Lavea
0%
Tepai Moeroa
0%
Tevita Metuisela
0%
Todd Lowrie
0%
Tom Eisenhuth
0%
Tom Learoyd-Lahrs
0%
Tony Martin
0%
Troy Thompson
0%
Tui Kamikamica
0%
Tyson Smoothy
0%
Vincent Leuluai
0%
Wade Fenton
0%
Wairangi Koopu
0%
William Leyshon
0%
Willie Isa
0%
Young Tonumaipea
0%

Score Distribution

Percentile by Number Answered

Percent of People with Each Score

Your Score History

You have not taken this quiz since the last reset